Welcome to CU Library Online Public Access Catalogue (OPAC)

Global derivatives : (Record no. 3527)

MARC details
000 -LEADER
fixed length control field 00689cam a22002174a 4500
001 - CONTROL NUMBER
control field 13992709
005 - DATE AND TIME OF LATEST TRANSACTION
control field 20250206184220.0
008 - FIXED-LENGTH DATA ELEMENTS--GENERAL INFORMATION
fixed length control field 050606s2006 enka b 001 0 eng
020 ## - INTERNATIONAL STANDARD BOOK NUMBER
International Standard Book Number 0273688545 (pbk.)
020 ## - INTERNATIONAL STANDARD BOOK NUMBER
International Standard Book Number 9780273688549 (pbk.)
050 00 - LIBRARY OF CONGRESS CALL NUMBER
Classification number HG6024.A3
Item number A495 2006
082 00 - DEWEY DECIMAL CLASSIFICATION NUMBER
Classification number 332.64/57
Edition information 22
100 1# - MAIN ENTRY--PERSONAL NAME
Personal name Andersen, Torben Juul.
245 10 - TITLE STATEMENT
Title Global derivatives :
Remainder of title a strategic risk management perspective /
Statement of responsibility, etc. Torben Juul Andersen.
260 ## - PUBLICATION, DISTRIBUTION, ETC.
Place of publication, distribution, etc. Harlow, England ;
-- New York :
Name of publisher, distributor, etc. Financial Times/Prentice Hall,
Date of publication, distribution, etc. 2006.
300 ## - PHYSICAL DESCRIPTION
Extent xxiv, 453 p. :
Other physical details ill. ;
Dimensions 25 cm.
650 #0 - SUBJECT ADDED ENTRY--TOPICAL TERM
Topical term or geographic name entry element Derivative securities.
650 #0 - SUBJECT ADDED ENTRY--TOPICAL TERM
Topical term or geographic name entry element Risk.
650 #0 - SUBJECT ADDED ENTRY--TOPICAL TERM
Topical term or geographic name entry element Risk management.
942 ## - ADDED ENTRY ELEMENTS (KOHA)
Source of classification or shelving scheme Library of Congress Classification
Koha item type Books
Suppress in OPAC No
999 ## -
-- 3527
-- 3527
Holdings
Withdrawn status Lost status Source of classification or shelving scheme Damaged status Not for loan Collection Home library Current library Shelving location Date acquired Total checkouts Full call number Barcode Date last seen Copy number Price effective from Koha item type
    Library of Congress Classification     Non-fiction Graduate Library (Christ Temple) Graduate Library (Christ Temple) General stacks 04/17/2026   HG 6024.A3 GSCT00003350 04/17/2026 1 04/17/2026 Books
    Library of Congress Classification     Non-fiction Graduate Library (Christ Temple) Graduate Library (Christ Temple) General stacks 04/17/2026   HG 6024.A3 GSCT00003351 04/17/2026 2 04/17/2026 Books
    Library of Congress Classification     Non-fiction Undergraduate Library (Christ Temple) Undergraduate Library (Christ Temple) General stacks 02/06/2025   HG6024.A3 AND ulct00001087 02/06/2025 1 02/06/2025 Books
© 2023-2024 Copyright: Central University Libraries. All Rights Reserved | Created by: Mahone Tech Office